Statistics for U.S. States with the Most Homeless People

Click here to take the quiz!

General Stats

  • This quiz has been taken 24,587 times
    (11,263 since last reset)
  • The average score is 7 of 10

Answer Stats

# Change State % Correct
108,432+ 48%California
98%
4,047+ 12%New York
97%
12,476- 63%Florida
90%
11,222- 26%Texas
90%
9,557+ 46%Washington
75%
10,142+ 3%Oregon
66%
4,532- 29%Arizona
64%
3,880- 65%Georgia
59%
3,807+ 15%Nevada
56%
3,640+ 45%Hawaii
36%

Score Distribution

Percentile by Number Answered

Percent of People with Each Score

Your Score History

You have not taken this quiz since the last reset